00764nam a2200193 a 450000500170000000800410001702000180005805000270007610000190010324500710012226000410019330000110023450000500024565000480029565000390034365000520038299900190043495201170045320140412111300.0010327s19uu xx 00 eng d a0-87120-260-3 aTR(GS 371.2bS369 1996 aSchmoker, Mike aResults: the key to continous school improvement /cMike Schmoker. aAlexandria, Virginia :bASCD,c1996. a121 p. aIncludes bibliographical references and index aSchool improvement programs - United States aEducational change - United States aEducation - Aims and objectives - United States c103340d103340 001040aELbELcTRd2001-03-27eLib. Fundl0oTR(GS 371.2 S369 1996pE4531r2014-04-12 00:00:00w2014-04-12yBK